Discurso, pobreza y exclusión en América Latina

Sparad:
Bibliografiska uppgifter
Övriga upphovsmän: Montecino Soto, Lésmer Antonio (Utgivare, redaktör, sammanställare)
Materialtyp: Bok
Språk:spanska
Publicerad: Santiago Cuarto Propio 2010
Upplaga:1a. ed
Serie:Ensayo, Discursos
Ämnen:
Taggar: Lägg till en tagg
Inga taggar, Lägg till första taggen!

MARC

LEADER 00000nam a2200000 a 4500
001 UCG3495
003 CL-VaPUC
008 100902e20100500CL |||||||||||||||||spa|d
020 |a 9789562605151 
082 0 4 |a 362.98  |b MON  |2 21 
100 |a Montecino Soto, Lésmer Antonio  |e editor  |9 552694 
245 1 0 |a Discurso, pobreza y exclusión en América Latina 
250 |a 1a. ed 
300 |a 364 p 
942 |c BK 
945 |d 20100902 00:00:00  |a mfarfan 
260 |a Santiago  |b Cuarto Propio  |c 2010 
650 0 |a Problemas sociales  |9 258537 
650 0 |a Pobreza  |9 258652 
650 0 |a Conflicto social  |9 255404 
650 7 |a EXCLUSIÓN  |2 CL-VaPUC  |9 552695 
650 0 |a Embarazo adolescente  |9 329018 
650 0 |a Análisis lingüístico  |9 314711 
651 0 |a América Latina   |9 255027 
583 |a last modification  |c 20100902 00:00:00  |k Rodrigo Vera 
490 0 |a Ensayo, Discursos 
999 |c 342563  |d 342561 
952 |0 0  |1 0  |4 0  |6 362_980000000000000_MON_2010  |7 0  |8 A  |9 438817  |a BIBCUR  |b BIBCUR  |d 2019-11-22  |i 4710339  |o 362.98 MON 2010  |p 4710339  |r 2025-04-22  |w 2019-11-22  |y BK  |k PER 
952 |0 0  |1 0  |4 0  |6 362_980000000000000_MON_2010  |7 0  |8 A  |9 438818  |a BIBGIM  |b BIBGIM  |d 2019-11-22  |i 4744829  |o 362.98 MON 2010  |p 4744829  |r 2025-01-15  |w 2019-11-22  |y BK  |k SSL 
952 |0 0  |1 0  |4 0  |6 362_980000000000000_MON_2010  |7 0  |8 A  |9 438819  |a BIBGIM  |b BIBGIM  |d 2019-11-22  |i 4744810  |o 362.98 MON 2010  |p 4744810  |r 2025-01-15  |w 2019-11-22  |y BK  |k SSL